| 000 | 00751cam a22002531 4500 | ||
|---|---|---|---|
| 001 | 20482 | ||
| 003 | BD-RjUL | ||
| 005 | 20211209000554.0 | ||
| 008 | 140203s1967 at 000 0 eng d | ||
| 035 | _a(BD-RjUL)20544 | ||
| 035 | _a(OCoLC)555199 | ||
| 040 |
_aDLC _cONcM _dOCoLC _dNOwU _dDLC _dBD-RjUL _beng |
||
| 041 | _aeng | ||
| 082 | 0 | 0 |
_a821 _bELL 1967 |
| 100 | 1 |
_aElliott, Brian Robinson, _d1910- _963156 |
|
| 245 | 1 | 4 |
_aThe landscape of Australian poetry / _cby Brian Elliott. |
| 260 |
_aMelbourne, Canberra : _bCheshire, _c1967 |
||
| 300 |
_axii,346p. ; _c22cm. |
||
| 650 | 0 |
_aAustralian poetry _xHistory and criticism. _963157 |
|
| 650 | 0 |
_aNature in literature. _953907 |
|
| 942 |
_2ddc _cBK |
||
| 999 |
_c20482 _d20482 |
||